Countries Ending With D - Statistics

General Stats
  • This quiz has been taken 229 times
    227 since last reset
  • The average score is 7 of 9
Answer Stats
Country % Correct
Finland
91%
Iceland
86%
Ireland
83%
Poland
80%
Thailand
78%
Switzerland
74%
New Zealand
71%
Swaziland
68%
Chad
53%
No matching quizzes found
Score Distribution
Percent of People with Each Score
Percentile by Number Answered
Your Score History
You have not taken this quiz since the last reset